000 00632nam a2200229Ia 4500
003 OSt
005 20220924122355.0
006 a|||||r|||| 00| 0
007 ta
008 220923b |||||||| |||| 00| 0 urd d
024 _a304029
037 _cTextual
040 _aARTS
_cARTS
_burd
041 _2urd
_aurd
082 _aDelta73wx, 168J8
100 _aFaridi Muhammad Latif Au.
_9189284
245 0 _aAnwar-e-sufiya
260 _aLahore
_bShae-e-adab Pakistan
_c1958
650 _aMYSTICISM
942 _hDelta73wx, 168J8
_cTEXL
_2CC
999 _c411386
_d411386